Govt. of
Madhya Pradesh

The Educational Manual of madhya Pradesh (Record no. 35576)

MARC details
000 -LEADER
fixed length control field 004650000a22001810004500
003 - CONTROL NUMBER IDENTIFIER
control field MACL
005 - DATE AND TIME OF LATEST TRANSACTION
control field 20151231140522.0
008 - FIXED-LENGTH DATA ELEMENTS--GENERAL INFORMATION
fixed length control field 151231b xxu||||| |||| 00| 0 eng d
040 ## - CATALOGING SOURCE
Original cataloging agency MACL
Transcribing agency MACL
041 ## - LANGUAGE CODE
Language code of text/sound track or separate title English
082 ## - DEWEY DECIMAL CLASSIFICATION NUMBER
Classification number 370/CHA
100 ## - MAIN ENTRY--PERSONAL NAME
Personal name Chandak, Madhusudan lal
9 (RLIN) 25729
245 ## - TITLE STATEMENT
Title The Educational Manual of madhya Pradesh
260 ## - PUBLICATION, DISTRIBUTION, ETC. (IMPRINT)
Name of publisher, distributor, etc. The Lawyers Home
Date of publication, distribution, etc. 1969
Place of publication, distribution, etc. Indore
350 ## - PRICE (NR) (BK AM CF MU VM SE) [OBSOLETE]
Price 20
650 ## - SUBJECT ADDED ENTRY--TOPICAL TERM
Topical term or geographic name as entry element Education
9 (RLIN) 25730
942 ## - ADDED ENTRY ELEMENTS (KOHA)
Koha item type Books
Call number prefix 370/CHA
Source of classification or shelving scheme
Holdings
Withdrawn status Lost status Source of classification or shelving scheme Damaged status Not for loan Home library Current library Date acquired Total Checkouts Full call number Barcode Date last seen Uniform Resource Identifier Price effective from Koha item type
          MACL MACL 15/04/2015   370/CHA CLE015443 29/04/2015 35787 15/04/2015 Books